000
00307nam a22001217a 4500
999
_c
6041
_d
6041
245
_a
Income tax act, 2015 (ACT 896)
_c
by Republic of Ghana
246
_a
ACT 896
260
_a
Accra
_b
Assembly Press
_c
2015
300
_a
various paging
440
_a
Acts of Parliament
650
_a
Income Tax Act
942
_c
REF